History Quiz

Random History or Year Quiz
Score 0/16 Timer 07:00
1 Play Today
Event Year in Numerals % Correct
9/11MMI
98.5%
American Declaration of IndependenceMDCCLXXVI
62.1%
John F Kennedy assassinated MCMLXIII
55.3%
First nuclear bomb detonatedMCMXLV
48.1%
The Deepwater Horizon oil spill in the gulf of MexicoMMX
46.5%
Russian RevolutionMCMXVII
45.6%
Columbus arrives in the New WorldMCDXCII
45.1%
Magna Carta signedMCCXV
35.3%
Event Year in Numerals % Correct
French RevolutionMDCCLXXXIX
30%
Mayflower Lands at Plymouth RockMDCXX
26.8%
Tutankhamun's tomb discoveredMCMXXII
20.4%
Charlemagne crowned Holy Roman EmperorDCCC
15.9%
Birth of ShakespeareMDLXIV
11.5%
Constantine converts to ChristianityCCCXII
10.3%
Cortes begins his conquest in MexicoMDXIX
9%
Invention of the silicon chipMCMLIX
7.7%

You're not logged in!

Compare scores with friends on all Sporcle quizzes.
OR
Log In

Sporcle TV

Today on Sporcle TV


Watch our educational content, quiz creation guides, and fun videos on Sporcle TV.

Show Comments

Extras

Top Quizzes Today


Score Distribution

Paid Content

Your Account Isn't Verified!

In order to create a playlist on Sporcle, you need to verify the email address you used during registration. Go to your Sporcle Settings to finish the process.

Report this User

Report this user for behavior that violates our Community Guidelines.

Details: